Интерактивные дисплеи; Молодежь и современные информационные технологии

Dades bibliogràfiques
Parent link:Молодежь и современные информационные технологии.— 2018.— [С. 179-180]
Autor principal: Чайбар А. А.
Autor corporatiu: Национальный исследовательский Томский политехнический университет Инженерная школа информационных технологий и робототехники Отделение информационных технологий
Altres autors: Фадеев А. С. Александр Сергеевич (научный руководитель)
Sumari:Заглавие с титульного экрана
Idioma:rus
Publicat: 2018
Col·lecció:Информационные технологии в производстве и управлении предприятием
Matèries:
Accés en línia:http://earchive.tpu.ru/handle/11683/46588
Format: MixedMaterials Electrònic Capítol de llibre
KOHA link:https://koha.lib.tpu.ru/cgi-bin/koha/opac-detail.pl?biblionumber=626302

MARC

LEADER 00000naa2a2200000 4500
001 626302
005 20231101133414.0
035 |a (RuTPU)RU\TPU\conf\25660 
035 |a RU\TPU\conf\25648 
090 |a 626302 
100 |a 20180226d2018 k y0rusy50 ca 
101 0 |a rus 
102 |a RU 
105 |a y z 101zy 
135 |a drgn ---uucaa 
181 0 |a i  
182 0 |a b 
200 1 |a Интерактивные дисплеи  |f А. А. Чайбар  |g науч. рук. А. С. Фадеев 
203 |a Текст  |c электронный 
225 1 |a Информационные технологии в производстве и управлении предприятием 
230 |a 1 компьютерный файл (pdf; 345 Кb) 
300 |a Заглавие с титульного экрана 
320 |a [Библиогр.: с. 180 (4 назв.)] 
463 0 |0 (RuTPU)RU\TPU\conf\25518  |t Молодежь и современные информационные технологии  |o сборник трудов XV Международной научно-практической конференции студентов, аспирантов и молодых учёных, 04-07 декабря 2017 г., г. Томск  |f Национальный исследовательский Томский политехнический университет, Инженерная школа информационных технологий и робототехники ; под ред. С. С. Михалевич [и др.]  |v [С. 179-180]  |d 2018 
610 1 |a электронный ресурс 
610 1 |a труды учёных ТПУ 
610 1 |a дисплеи 
610 1 |a табло 
610 1 |a электронные системы 
610 1 |a архитектура 
610 1 |a режимы реального времени 
610 1 |a информирование 
700 1 |a Чайбар  |b А. А. 
702 1 |a Фадеев  |b А. С.  |c специалист в области информатики и вычислительной техники  |c доцент Томского политехнического университета, кандидат технических наук  |f 1981-  |g Александр Сергеевич  |2 stltpush  |4 727 
712 0 2 |a Национальный исследовательский Томский политехнический университет  |b Инженерная школа информационных технологий и робототехники  |b Отделение информационных технологий  |h 7951  |2 stltpush  |3 (RuTPU)RU\TPU\col\23515 
801 2 |a RU  |b 63413507  |c 20201229  |g RCR 
856 4 |u http://earchive.tpu.ru/handle/11683/46588 
942 |c BK